Next 30 Guessed Countries In Countries of the World Quiz - Statistics

General Stats
  • This quiz has been taken 19 times
  • The average score is 17 of 31
Answer Stats
Rank Answer Rank All % Correct
Last One Italy 30
80%
14 Mexico 44
80%
6 Mexico 36
80%
1 Brazil 31
73%
23 Nigeria 53
73%
20 Belgium 50
67%
19 Chile 49
67%
28 Ireland 58
67%
11 Portugal 41
67%
7 Finland 37
60%
13 Netherlands 43
60%
26 Norway 56
60%
9 Spain 39
60%
12 Cyprus 42
53%
17 Laos 47
53%
2 Latvia 32
53%
5 Libya 35
53%
15 Romania 45
53%
22 Sudan 52
53%
16 Cambodia 46
47%
25 Lithuania 55
47%
24 Luxembourg 54
47%
3 Mali 33
47%
18 Panama 48
47%
21 Saudi Arabia 51
47%
8 Tunisia 38
47%
4 Brunei 34
40%
27 Guinea 57
40%
29 Lebanon 59
40%
30 Papua New Guinea 60
40%
10 North Korea 40
33%
No matching quizzes found
Score Distribution
Percent of People with Each Score
Percentile by Number Answered
Your Score History
You have not taken this quiz